Handbook of noise measurement.

Saved in:
Bibliografiske detaljer
Hovedforfatter: Peterson, Arnold P
Andre forfattere: Beranek, Leo L, Gross, Ervin E
Format: Bog
Sprog:engelsk
Udgivet: Cambridge, England, United Kingdom General Radio 1956
Fag:
Tags: Tilføj Tag
Ingen Tags, Vær først til at tagge denne postø!

MARC

LEADER 00000nam a2200000 a 4500
001 UCU4664
003 CL-VaPUC
005 20250115112932.0
008 960524e19560000US |||||||||||||||||eng|d
999 |c 248284  |d 248282 
040 |c Pontificia Universidad Católica de Valparaíso 
082 0 4 |a 620.23 PET 1956  |2 21 
100 0 |a Peterson, Arnold P  |9 362329 
245 1 0 |a Handbook of noise measurement. 
246 1 0 |a Measurement of vibration. 
260 0 3 |a Cambridge, England, United Kingdom  |b General Radio  |c 1956 
300 |a 198 páginas 
583 |a last modification  |c 19960524 00:00:00  |k Rodrigo Vera 
650 7 |a RUIDO  |2 CL-VaPUC  |9 263306 
650 0 |a Ondas sonoras  |9 322250 
650 0 |a Acústica   |9 265389 
650 7 |a SILENCIO  |2 CL-VaPUC  |9 256537 
650 0 |a Ambiente acústico   |9 362332 
650 0 |a Propagación de ondas  |9 263256 
650 7 |a PRESION SONORA  |2 CL-VaPUC  |9 362333 
700 0 |a Beranek, Leo L  |9 362330 
700 0 |a Gross, Ervin E  |9 362331 
942 |c BK  |2 ddc 
945 |d 19960524 00:00:00  |a cmena